Statistics for Fifa 22 Top 50 Centre-Backs

Click here to take the quiz!

General Stats

  • This quiz has been taken 364 times
  • The average score is 36 of 50

Answer Stats

RatingClubNationPlayer% Correct
89LiverpoolNetherlandsVirgil Van Dijk
100%
88PSGSpainSergio Ramos
98%
86Manchester UnitedFranceRaphael Varane
97%
87Manchester CityPortugalRuben Dias
97%
87PSGBrazilMarquinhos
95%
86Piemonte CalcioItalyGiorgio Chiellini
94%
86NapoliSenegalKalidou Koulibaly
94%
85ChelseaBrazilThiago Silva
94%
85Piemonte CalcioItalyLeonardo Bonucci
92%
86Manchester CitySpainAymeric Laporte
91%
84Manchester UnitedEnglandHarry Maguire
91%
85Piemonte CalcioNetherlandsMatthijs De Ligt
91%
86Borussia DortmundGermanyMats Hummels
90%
84Real MadridAustriaDavid Alaba
89%
84FC BarcelonaSpainGerard Pique
89%
83LiverpoolCameroonJoel Matip
89%
86Inter MilanSlovakiaMilan Skriniar
88%
83Manchester CityEnglandJohn Stones
87%
83ChelseaGermanyAntonio Rudiger
85%
83PSGFrancePresnel Kimpembe
84%
82LiverpoolEnglandJoe Gomez
83%
85Inter MilanNetherlandsStefan De Vrij
81%
83ChelseaSpainCesar Azpilicueta
80%
82Bayern MunichGermanyNiklas Sule
80%
84Atletico MadridMontenegroStefan Savic
78%
82FC BarcelonaFranceClement Lenglet
76%
84Atletico MadridUruguayJose Maria Gimenez
76%
83AC MilanDenmarkSimon Kjaer
76%
83Sevilla FCFranceJules Kounde
75%
82Tottenham HotspurArgentinaCristian Romero
73%
82Real MadridBrazilEder Militao
73%
82Bayern MunichFranceDayot Upamecano
71%
83NapoliGreeceKostas Manolas
71%
84Atletico MadridBrazilFelipe
64%
84Borussia MonchengladbachGermanyMatthias Ginter
62%
82FC PortoPortugalPepe
59%
82AjaxNetherlandsDaley Blind
56%
82Villarreal CFSpainPau Torres
55%
83Sporting CPUruguaySebastian Coates
55%
83LatiumItalyFrancesco Acerbi
53%
81LOSC LillePortugalJose Fonte
52%
82Sevilla FCBrazilDiego Carlos
50%
82AC MilanItalyAlessio Romagnoli
47%
81Bayer LeverkusenBurkina FasoEdmond Tapsoba
46%
82Atletico MadridSpainMario Hermoso
45%
82Valencia CFBrazilGabriel Paulista
42%
82Villarreal CFSpainRaul Albiol
40%
81Getafe CFTogoDakonam Djene
38%
81Athletic BilbaoSpainInigo Martinez
33%
81Athletic BilbaoSpainYeray
18%

Score Distribution

Percentile by Number Answered

Percent of People with Each Score

Your Score History

You have not taken this quiz